[Event "TCh-CHN 2019"]
[Site "China CHN"]
[Date "2019.12.05"]
[Round "20.2"]
[Board "1"]
[White "Ganguly, Surya Shekhar"]
[Black "Lu, Shanglei"]
[Result "1/2-1/2"]
[WhiteTitle "GM"]
[BlackTitle "GM"]
[WhiteElo "2633"]
[BlackElo "2612"]
[WhiteTeam "Jiangsu team"]
[BlackTeam "Zhejiang team"]
[WhiteFideId "5002150"]
[BlackFideId "8603332"]
[EventDate "2019.04.09"]

1. e4 e5 2. Nf3 Nc6 3. Bc4 Bc5 4. O-O Nf6 5. d3 O-O 6. c3 d5 7. exd5 Nxd5 8. Re1
Bg4 9. h3 Bh5 10. b4 Be7 11. b5 Na5 12. Rxe5 Nf6 13. Nbd2 Bd6 14. Re1 Re8 15.
Bb3 Rxe1+ 16. Qxe1 Qd7 17. c4 Bb4 18. Qf1 c6 19. bxc6 Nxc6 20. Rb1 Bxd2 21. Nxd2
Re8 22. Ne4 Nxe4 23. dxe4 Rxe4 24. Be3 Nd4 25. Bd1 Bg6 26. Rb2 h6 27. Rd2 Rxe3
28. fxe3 Nf3+ 29. Bxf3 Qxd2 30. Bxb7 Qxe3+ 1/2-1/2

[Event "TCh-CHN 2019"]
[Site "China CHN"]
[Date "2019.12.05"]
[Round "20.2"]
[Board "2"]
[White "Chen, Qi b"]
[Black "Xu, Minghui"]
[Result "1/2-1/2"]
[WhiteTitle "IM"]
[WhiteElo "2445"]
[BlackElo "2406"]
[WhiteTeam "Jiangsu team"]
[BlackTeam "Zhejiang team"]
[WhiteFideId "8614733"]
[BlackFideId "8606790"]
[EventDate "2019.04.09"]

1. e4 e5 2. Nf3 Nc6 3. Bb5 a6 4. Ba4 Nf6 5. O-O Nxe4 6. d4 b5 7. Bb3 d5 8. dxe5
Be6 9. Nbd2 Be7 10. c3 O-O 11. Re1 Nc5 12. Nd4 Nxd4 13. cxd4 Nxb3 14. Nxb3 a5
15. Be3 a4 16. Nc1 Bf5 17. Nd3 Qd7 18. Rc1 Ra6 19. Qe2 Rg6 20. f3 h5 21. Nf4 Rh6
22. Nd3 Rg6 23. Qd2 c6 24. Nf4 Rh6 25. Nd3 Rg6 26. Nf4 Rh6 27. Nd3 Rg6 28. Nf4
Rh6 29. Nd3 Rg6 30. Nf4 Rh6 1/2-1/2

[Event "TCh-CHN 2019"]
[Site "China CHN"]
[Date "2019.12.05"]
[Round "20.2"]
[Board "4"]
[White "Ding, Yixin"]
[Black "Shen, Yang"]
[Result "1/2-1/2"]
[WhiteTitle "WGM"]
[BlackTitle "IM"]
[WhiteElo "2439"]
[BlackElo "2402"]
[WhiteTeam "Zhejiang team"]
[BlackTeam "Jiangsu team"]
[WhiteFideId "8602972"]
[BlackFideId "8603162"]
[EventDate "2019.04.09"]

1. e4 e5 2. Nf3 Nc6 3. Bb5 a6 4. Ba4 Nf6 5. O-O Be7 6. Re1 b5 7. Bb3 d6 8. c3
O-O 9. h3 Bb7 10. d4 Re8 11. Ng5 Rf8 12. Nf3 Re8 13. Nbd2 Bf8 14. d5 Nb8 15. Nf1
Nbd7 16. N3h2 Nc5 17. Bc2 c6 18. b4 Ncd7 19. dxc6 Bxc6 20. Bg5 Qc7 21. Ng3 a5
22. Ng4 Nxg4 23. Qxg4 axb4 24. cxb4 Nb6 25. Bb3 Bd7 26. Nf5 Nc4 27. Bd8 Raxd8
28. Nh6+ Kh8 29. Nxf7+ Kg8 30. Nh6+ Kh8 31. Nf7+ 1/2-1/2

[Event "TCh-CHN 2019"]
[Site "China CHN"]
[Date "2019.12.05"]
[Round "20.3"]
[Board "3"]
[White "Xu, Yinglun"]
[Black "Wang, Yiye"]
[Result "1-0"]
[WhiteTitle "GM"]
[BlackTitle "IM"]
[WhiteElo "2555"]
[BlackElo "2444"]
[WhiteTeam "Guangdong Shenzhen Longgang Chess team"]
[BlackTeam "Beijing team"]
[WhiteFideId "8604940"]
[BlackFideId "8606021"]
[EventDate "2019.04.09"]

1. d4 Nf6 2. c4 e6 3. Nf3 b6 4. g3 Bb7 5. Bg2 g6 6. O-O Bg7 7. Qc2 O-O 8. Nc3 d5
9. cxd5 exd5 10. Bf4 Na6 11. Rfd1 Re8 12. Be5 Bh6 13. Bxf6 Qxf6 14. Ne5 Qe6 15.
Qa4 c6 16. e4 Nc7 17. Re1 Bd2 18. exd5 cxd5 19. Red1 Bh6 20. Qb3 Bg7 21. f4 Qd6
22. Rac1 Rad8 23. a4 Ba8 24. Nb5 Nxb5 25. axb5 Rc8 26. h4 Bb7 27. Qa4 Rc7 28.
Rc3 Rec8 29. Rdc1 Rxc3 30. Rxc3 Rxc3 31. bxc3 Bxe5 32. fxe5 Qb8 33. Qa2 Qa8 34.
Kh2 Kg7 35. Qa3 Qb8 36. Qe7 Kg8 37. e6 fxe6 38. Bh3 h5 39. Bxe6+ 1-0

[Event "TCh-CHN 2019"]
[Site "China CHN"]
[Date "2019.12.05"]
[Round "20.3"]
[Board "4"]
[White "Wang, Yu A."]
[Black "Li, Xueyi"]
[Result "1/2-1/2"]
[WhiteTitle "IM"]
[BlackTitle "WGM"]
[WhiteElo "2293"]
[BlackElo "2296"]
[WhiteTeam "Beijing team"]
[BlackTeam "Guangdong Shenzhen Longgang Chess team"]
[WhiteFideId "8601097"]
[BlackFideId "8605912"]
[EventDate "2019.04.09"]

1. e4 c6 2. Nc3 d5 3. Nf3 Bg4 4. h3 Bxf3 5. Qxf3 e6 6. d4 dxe4 7. Qxe4 Nf6 8.
Qd3 Nbd7 9. g3 Be7 10. Bg2 O-O 11. O-O Qb6 12. Na4 Qa5 13. b3 Rad8 14. Bb2 Qc7
15. Rad1 b5 16. Nc3 b4 17. Ne4 c5 18. dxc5 Nxc5 19. Qe2 Ncxe4 20. Bxe4 Bc5 21.
Kg2 Nxe4 22. Qxe4 Qe7 23. Rfe1 Bb6 24. Qg4 f5 25. Qc4 Rxd1 26. Rxd1 f4 27. gxf4
Qb7+ 28. Kg3 Qf7 29. Qe4 Bc7 30. Be5 Bxe5 31. Qxe5 Qg6+ 32. Kf3 Qxc2 33. Qxe6+
Kh8 34. Rd7 h6 35. Qe7 Qc3+ 36. Kg4 Rc8 37. Rd8+ Rxd8 38. Qxd8+ Kh7 39. Qd7 a6
40. Qf5+ Kh8 41. Qe4 Qd2 42. Qa8+ Kh7 43. Qe4+ Kh8 44. Qa8+ Kh7 45. Qxa6 Qxf2
46. Qd3+ g6 47. Qd7+ Kg8 48. Qe8+ Kg7 49. Qe7+ Kg8 50. Qe8+ Kg7 1/2-1/2

[Event "TCh-CHN 2019"]
[Site "China CHN"]
[Date "2019.12.05"]
[Round "20.3"]
[Board "5"]
[White "Song, Yuxin"]
[Black "Shuvalova, Polina"]
[Result "1/2-1/2"]
[WhiteTitle "WIM"]
[BlackTitle "WIM"]
[WhiteElo "2299"]
[BlackElo "2446"]
[WhiteTeam "Beijing team"]
[BlackTeam "Guangdong Shenzhen Longgang Chess team"]
[WhiteFideId "8614300"]
[BlackFideId "24171760"]
[EventDate "2019.04.09"]

1. e4 e6 2. d4 d5 3. Nd2 c5 4. exd5 Qxd5 5. Ngf3 cxd4 6. Bc4 Qd7 7. O-O Nc6 8.
Nb3 Nf6 9. Nbxd4 Nxd4 10. Nxd4 a6 11. Re1 b5 12. Bb3 Bb7 13. Bg5 Ne4 14. Be3 Be7
15. c3 Nc5 16. Nf5 Qc6 17. Bd5 Qxd5 18. Qxd5 Bxd5 19. Nxe7 Kxe7 20. Bxc5+ Kd7
21. a4 Bb3 22. a5 Rac8 23. Bd4 f6 24. Ra3 Bd5 25. f4 h5 26. b4 Rc4 27. Re3 h4
28. Ra1 Rh6 29. Rf1 Rg6 30. Rf2 Rc8 31. Rd2 Kc6 32. Bb6 f5 33. h3 Rh8 1/2-1/2

[Event "TCh-CHN 2019"]
[Site "China CHN"]
[Date "2019.12.05"]
[Round "20.4"]
[Board "1"]
[White "Nie, Xinyang"]
[Black "Zou, Chen"]
[Result "1-0"]
[BlackTitle "FM"]
[WhiteElo "2348"]
[BlackElo "2459"]
[WhiteTeam "Chongqing Jiulongpo Yucai Chess team"]
[BlackTeam "Hangzhou Hongda team"]
[WhiteFideId "8607222"]
[BlackFideId "8610959"]
[EventDate "2019.04.09"]

1. Nf3 Nf6 2. c4 e6 3. Nc3 d5 4. d4 c6 5. Bg5 h6 6. Bxf6 Qxf6 7. e3 Nd7 8. Bd3
g6 9. O-O dxc4 10. Bxc4 Bg7 11. b4 O-O 12. Rc1 Qe7 13. Qb3 Nb6 14. Ne5 Nxc4 15.
Qxc4 Rd8 16. f4 Bd7 17. Nxd7 Qxd7 18. a4 Rac8 19. Rfd1 Qd6 20. Qb3 Bf8 21. Rb1
Qc7 22. Rdc1 Qb8 23. Ne4 Be7 24. Rc2 a6 25. h3 Rd5 26. Rbc1 Rcd8 27. Kh1 Qa7 28.
Rb1 Qb6 29. Qc4 a5 30. Nc3 R5d7 31. bxa5 Qxa5 32. Rcb2 Qa7 33. Kh2 Rc8 34. Rb3
Rcc7 35. Ne4 Qa5 36. Nc3 Qf5 37. Qf1 Qa5 38. Qc4 Qa7 39. R1b2 Qa8 40. Rd2 Qa5
41. e4 Rd8 42. Rd1 Rcd7 43. Ne2 Bf6 44. e5 Be7 45. Rdb1 Qa7 46. g4 Ra8 47. f5
Qxa4 48. Qd3 Qa6 49. Qe4 Qc4 50. fxg6 Ra2 51. gxf7+ Kg7 52. R1b2 Rxb2 53. Rxb2
Bg5 54. h4 Rxf7 55. hxg5 hxg5 56. Ng3 Kf8 57. Kg2 Rf4 58. Rf2 Rxf2+ 59. Kxf2 b5
60. Ne2 b4 61. Qe3 Qc2 62. Qc1 Qe4 63. Qc5+ Kf7 64. Qxb4 Qxg4 65. Qc3 Ke7 66.
Qc5+ Kf7 67. Qxc6 Ke7 68. Qf3 Qh4+ 69. Ke3 Qh6 70. Qf6+ Qxf6 71. exf6+ Kxf6 72.
Ke4 Ke7 73. Ke5 g4 74. Ng3 Kd7 75. Ne4 Ke7 76. Kf4 Kd7 77. Kxg4 Kc6 78. Nc3 Kd6
79. Kf4 1-0

[Event "TCh-CHN 2019"]
[Site "China CHN"]
[Date "2019.12.05"]
[Round "20.4"]
[Board "2"]
[White "Naiditsch, Arkadij"]
[Black "Xiang, Zeyu"]
[Result "1-0"]
[WhiteTitle "GM"]
[BlackTitle "IM"]
[WhiteElo "2617"]
[BlackElo "2446"]
[WhiteTeam "Chongqing Jiulongpo Yucai Chess team"]
[BlackTeam "Hangzhou Hongda team"]
[WhiteFideId "4650891"]
[BlackFideId "8608547"]
[EventDate "2019.04.09"]

1. e4 e5 2. Nf3 Nc6 3. Bb5 Nf6 4. O-O Nxe4 5. d4 Nd6 6. dxe5 Nxb5 7. a4 Nbd4 8.
Nxd4 Nxd4 9. Qxd4 d5 10. Qd3 c6 11. a5 Be6 12. Nc3 Qd7 13. Ne2 Bf5 14. Qc3 c5
15. Ng3 Be6 16. Nh5 d4 17. Qg3 O-O-O 18. a6 b6 19. Bg5 Re8 20. c3 Bg4 21. e6
Qxe6 22. Nf4 Qf5 23. f3 Qxg5 24. h4 Qf6 25. Qxg4+ Kd8 26. Rad1 Bd6 27. Nh5 Qe5
28. cxd4 cxd4 29. f4 Qd5 30. Nxg7 Re4 31. Nf5 Bc5 32. Kh1 Kc7 33. Qg5 Rd8 34.
Rd3 f6 35. Qh5 Rd7 36. Qg4 Qc4 37. Rfd1 Qxa6 38. b4 Bxb4 39. Nxd4 Re1+ 40. Kh2
Rxd1 41. Rxd1 Qa4 42. Ne6+ Kb8 43. Nc5 Bxc5 44. Rxd7 1-0

[Event "TCh-CHN 2019"]
[Site "China CHN"]
[Date "2019.12.05"]
[Round "20.4"]
[Board "3"]
[White "Peng, Xiongjian"]
[Black "Lin, Yi"]
[Result "1/2-1/2"]
[BlackTitle "IM"]
[WhiteElo "2489"]
[BlackElo "2415"]
[WhiteTeam "Chongqing Jiulongpo Yucai Chess team"]
[BlackTeam "Hangzhou Hongda team"]
[WhiteFideId "8610550"]
[BlackFideId "8609659"]
[EventDate "2019.04.09"]

1. Nf3 Nf6 2. g3 g6 3. Bg2 Bg7 4. O-O O-O 5. d4 d5 6. c3 Nc6 7. Na3 Re8 8. c4
dxc4 9. Nxc4 Be6 10. b3 Bd5 11. Bb2 a5 12. Rc1 a4 13. bxa4 Ra6 14. Nfe5 Bxg2 15.
Kxg2 Qa8 16. Nxc6 Rxc6 17. Kg1 Qa6 18. Qb3 e6 19. a5 Ne4 20. Rc2 Nd6 21. Rfc1
Ra8 22. e3 Nxc4 23. Rxc4 Qxa5 24. Rxc6 bxc6 25. Rxc6 Qxa2 26. Qb7 Ra7 27. Qb8+
Bf8 28. Rc1 Ra8 29. Qb5 Ra5 30. Qe2 Ba3 31. Ra1 Qb3 32. d5 Bb4 33. dxe6 Rxa1+
34. Bxa1 Qb1+ 35. Qf1 Qxf1+ 36. Kxf1 fxe6 37. Ke2 Kf7 38. Kd3 c6 39. Kc4 Bd6 40.
Bc3 e5 41. Bb4 Ke6 42. Bxd6 Kxd6 43. h4 h6 44. f4 Ke6 45. e4 exf4 46. gxf4 Kd6
47. Kb4 Ke6 48. Kc5 Kd7 49. Kd4 Ke6 50. Ke3 Kf6 51. Kd4 Ke6 52. Kc4 Kd6 53. e5+
Ke6 54. Kd4 Kf5 55. Kc5 Ke6 56. Kd4 Kf5 57. Kc5 Ke6 58. Kxc6 g5 59. fxg5 hxg5
60. hxg5 Kxe5 61. Kd7 Kf5 62. g6 Kxg6 1/2-1/2

[Event "TCh-CHN 2019"]
[Site "China CHN"]
[Date "2019.12.05"]
[Round "20.4"]
[Board "4"]
[White "Zhao, Shengxin"]
[Black "Javakhishvili, Lela"]
[Result "1/2-1/2"]
[WhiteTitle "WFM"]
[BlackTitle "IM"]
[WhiteElo "2093"]
[BlackElo "2463"]
[WhiteTeam "Hangzhou Hongda team"]
[BlackTeam "Chongqing Jiulongpo Yucai Chess team"]
[WhiteFideId "8608040"]
[BlackFideId "13601458"]
[EventDate "2019.04.09"]

1. d4 Nf6 2. c4 e6 3. g3 c5 4. Nf3 cxd4 5. Nxd4 Qb6 6. Bg2 Bc5 7. e3 Nc6 8. Nb3
Bb4+ 9. Bd2 Ne5 10. Qe2 d5 11. cxd5 exd5 12. O-O Bg4 13. f3 Be6 14. Bxb4 Qxb4
15. Qd2 Qb6 16. Qd4 Nc4 17. Re1 Qxd4 18. exd4 b6 19. Re2 Kd7 20. a4 Bf5 21. Nc3
Rhe8 22. a5 Rxe2 23. Nxe2 Re8 24. axb6 axb6 25. Ra7+ Kc6 26. Nbc1 Nd7 27. b3 Nd6
28. g4 Nb5 29. Ra2 Bg6 30. Kf2 h5 31. gxh5 Bxh5 32. Nf4 Nf6 33. Nce2 g5 34. Nd3
Kb7 35. Nb4 Bg6 36. f4 gxf4 37. Nxd5 Nxd5 38. Bxd5+ Kc7 39. Bc4 Nd6 40. Nxf4
Nxc4 41. bxc4 Re4 42. Nxg6 fxg6 43. Rd2 Kd6 44. Kf3 Rh4 45. Ke3 g5 46. Rb2 Kc6
47. Rg2 Kd6 48. Kd3 Rh3+ 49. Ke4 Rh4+ 50. Kf5 Rxd4 51. Kxg5 Rxc4 52. h4 Ke7 53.
Rf2 Rc8 54. h5 Rf8 55. Rb2 Kf7 56. Rxb6 Kg8 57. Kg6 Rc8 58. Rd6 Kh8 59. h6 Ra8 1/2-1/2

[Event "TCh-CHN 2019"]
[Site "China CHN"]
[Date "2019.12.05"]
[Round "20.5"]
[Board "3"]
[White "Zhou, Weiqi"]
[Black "Ni, Hua"]
[Result "1/2-1/2"]
[WhiteTitle "GM"]
[BlackTitle "GM"]
[WhiteElo "2592"]
[BlackElo "2669"]
[WhiteTeam "Chongqing Sports lottery chess team"]
[BlackTeam "China Mobil Shanghai Chess Club"]
[WhiteFideId "8601674"]
[BlackFideId "8601160"]
[EventDate "2019.04.09"]

1. d4 d5 2. c4 c6 3. Nf3 Nf6 4. e3 Bg4 5. h3 Bxf3 6. Qxf3 e6 7. Bd3 Nbd7 8. O-O
Bd6 9. Nc3 O-O 10. e4 dxe4 11. Nxe4 Nxe4 12. Bxe4 Nf6 13. Bg5 h6 14. Bxf6 Qxf6
15. Qxf6 gxf6 16. d5 f5 17. Bd3 cxd5 18. cxd5 Kg7 19. Rad1 Rad8 20. dxe6 fxe6
21. Be2 Bc5 22. Rxd8 Rxd8 23. Rd1 Rxd1+ 24. Bxd1 Kf6 25. Kf1 Bd4 26. b3 a5 27.
Be2 b6 28. Bc4 e5 29. Ke2 e4 30. f3 exf3+ 31. Kxf3 1/2-1/2

[Event "TCh-CHN 2019"]
[Site "China CHN"]
[Date "2019.12.05"]
[Round "20.5"]
[Board "4"]
[White "Ju, Wenjun"]
[Black "Tan, Zhongyi"]
[Result "1-0"]
[WhiteTitle "GM"]
[BlackTitle "GM"]
[WhiteElo "2580"]
[BlackElo "2502"]
[WhiteTeam "China Mobil Shanghai Chess Club"]
[BlackTeam "Chongqing Sports lottery chess team"]
[WhiteFideId "8603006"]
[BlackFideId "8603642"]
[EventDate "2019.04.09"]

1. d4 d5 2. c4 e6 3. Nf3 Nf6 4. g3 Be7 5. Bg2 O-O 6. O-O dxc4 7. Qc2 a6 8. a4
Bd7 9. Qxc4 Bc6 10. Bg5 Nbd7 11. Nc3 h6 12. Bxf6 Nxf6 13. a5 Bd5 14. Qd3 Bxf3
15. Bxf3 c6 16. Qc4 Qd6 17. e3 Rfd8 18. Rfd1 Rd7 19. Na4 Rb8 20. Nb6 Rdd8 21.
Qc2 g6 22. Nc4 Qc7 23. Qb3 Ne8 24. Kg2 Bf6 25. Nb6 Nd6 26. Rac1 Qe7 27. Be2 Nc8
28. Na4 Qc7 29. Qc3 Rd5 30. b4 e5 31. Qb3 Qe7 32. Bc4 Rd6 33. d5 b5 34. axb6
cxd5 35. Bxd5 Nxb6 36. Bxf7+ Qxf7 37. Qxf7+ Kxf7 38. Rxd6 Nxa4 39. Rc7+ Be7 40.
Rxa6 Nb6 41. e4 h5 42. h4 Nc8 43. b5 Nb6 44. Kg1 Nc8 45. Kf1 Nb6 46. Ke2 Nc8 47.
Kf3 Nb6 48. Raa7 Nc8 49. Rcb7 Rxb7 50. Rxb7 Ke8 51. Rc7 Nd6 52. b6 Bd8 53. Rg7
Bxb6 54. Rxg6 Ke7 55. Rh6 Ba5 56. Rxh5 Nf7 57. Rf5 Ke6 58. g4 Nd6 59. Rf8 Ke7
60. Ra8 Bd2 61. g5 Bf4 62. Ra4 Nb5 63. Kg4 Kf7 64. h5 Nc3 65. Rc4 Nd1 66. Rc2 1-0

[Event "TCh-CHN 2019"]
[Site "China CHN"]
[Date "2019.12.05"]
[Round "20.5"]
[Board "5"]
[White "Ni, Shiqun"]
[Black "Lei, Tingjie"]
[Result "0-1"]
[WhiteTitle "WGM"]
[BlackTitle "GM"]
[WhiteElo "2389"]
[BlackElo "2483"]
[WhiteTeam "China Mobil Shanghai Chess Club"]
[BlackTeam "Chongqing Sports lottery chess team"]
[WhiteFideId "8608466"]
[BlackFideId "8605114"]
[EventDate "2019.04.09"]

1. e4 e5 2. Nf3 Nf6 3. Nxe5 d6 4. Nf3 Nxe4 5. d4 d5 6. Bd3 Bd6 7. O-O O-O 8. c4
c6 9. Re1 Bf5 10. Qb3 Qd7 11. Nc3 Nxc3 12. Bxf5 Qxf5 13. Qxb7 Ne4 14. Qxa8 Qd7
15. cxd5 Nf6 16. Re3 Nxd5 17. Rb3 Nb4 18. Ne5 Qc7 19. a3 Nc2 20. Rb1 Nxd4 21.
Rb7 Qa5 22. Bf4 Ne2+ 23. Kh1 Nxf4 24. Nc4 Qg5 25. Ne3 Nd3 0-1

[Event "TCh-CHN 2019"]
[Site "China CHN"]
[Date "2019.12.05"]
[Round "20.6"]
[Board "1"]
[White "Ma, Qun"]
[Black "Malakhov, Vladimir"]
[Result "1/2-1/2"]
[WhiteTitle "GM"]
[BlackTitle "GM"]
[WhiteElo "2627"]
[BlackElo "2668"]
[WhiteTeam "Hangzhou Bank Team"]
[BlackTeam "Zhihui Sports chess team of Tianjin"]
[WhiteFideId "8603154"]
[BlackFideId "4120787"]
[EventDate "2019.04.09"]

1. e4 e5 2. Nf3 Nc6 3. Bb5 Nf6 4. O-O Nxe4 5. Re1 Nd6 6. Nxe5 Be7 7. Bf1 Nxe5 8.
Rxe5 O-O 9. d4 Bf6 10. Re1 Nf5 11. c3 d5 12. Nd2 c6 13. Nf3 Nh4 14. Nxh4 Bxh4
15. Bd3 Re8 16. Rxe8+ Qxe8 17. Bd2 Bf6 18. Qf3 Be6 19. Re1 Qd7 20. Qg3 Re8 21.
Bg5 Bxg5 22. Qxg5 Qd8 23. Qf4 Bd7 24. Rxe8+ Bxe8 25. f3 f6 26. b4 Bg6 27. Bxg6
hxg6 28. h4 a5 29. a3 axb4 30. axb4 Qa8 31. Qe3 Qa1+ 1/2-1/2

[Event "TCh-CHN 2019"]
[Site "China CHN"]
[Date "2019.12.05"]
[Round "20.6"]
[Board "2"]
[White "Jakovenko, Dmitry"]
[Black "Wang, Yue"]
[Result "1/2-1/2"]
[WhiteTitle "GM"]
[BlackTitle "GM"]
[WhiteElo "2698"]
[BlackElo "2674"]
[WhiteTeam "Hangzhou Bank Team"]
[BlackTeam "Zhihui Sports chess team of Tianjin"]
[WhiteFideId "4122356"]
[BlackFideId "8601429"]
[EventDate "2019.04.09"]

1. e4 e5 2. Nf3 Nf6 3. Nxe5 d6 4. Nf3 Nxe4 5. d4 d5 6. Bd3 Be7 7. O-O Nc6 8.
Nbd2 Nxd2 9. Bxd2 Bg4 10. c3 Qd7 11. Bf4 g5 12. Bd2 f6 13. a4 Bd6 14. Re1+ Ne7
15. h3 Bf5 16. Bxf5 Qxf5 17. Qe2 O-O-O 18. b3 Rhe8 19. Qe6+ Qxe6 20. Rxe6 Ng8
21. Rae1 Rxe6 22. Rxe6 Kd7 23. Re1 Ne7 24. c4 c6 25. g4 Rh8 26. Kg2 h5 27. c5
Bc7 28. b4 Ng6 29. Be3 a6 30. Rb1 hxg4 31. hxg4 Nh4+ 32. Nxh4 Rxh4 33. Kf3 Rh3+
34. Ke2 Rh4 35. Kf3 Rh3+ 36. Ke2 Rh4 1/2-1/2

[Event "TCh-CHN 2019"]
[Site "China CHN"]
[Date "2019.12.05"]
[Round "20.6"]
[Board "3"]
[White "Bai, Jinshi"]
[Black "Li, Yankai"]
[Result "1-0"]
[WhiteTitle "GM"]
[BlackTitle "IM"]
[WhiteElo "2600"]
[BlackElo "2432"]
[WhiteTeam "Hangzhou Bank Team"]
[BlackTeam "Zhihui Sports chess team of Tianjin"]
[WhiteFideId "8602280"]
[BlackFideId "8609357"]
[EventDate "2019.04.09"]

1. d4 Nf6 2. c4 e6 3. Nf3 d5 4. Nc3 Be7 5. Bf4 O-O 6. e3 Nbd7 7. Be2 dxc4 8. O-O
a6 9. a4 c5 10. d5 exd5 11. Nxd5 Nxd5 12. Qxd5 Nf6 13. Qe5 Ng4 14. Qc3 Be6 15.
Bxc4 Bxc4 16. Qxc4 Nf6 17. Ne5 Qb6 18. a5 Qe6 19. Qxe6 fxe6 20. Nc4 Nd5 21. Bg3
Rad8 22. Rfd1 g5 23. f3 h6 24. h3 Nb4 25. Bc7 Rxd1+ 26. Rxd1 Nd5 27. Bb6 h5 28.
Kf2 Nxb6 29. axb6 Rd8 30. Rxd8+ Bxd8 31. Nd6 Bxb6 32. Nxb7 Kf7 33. Nd6+ Kf6 34.
g4 hxg4 35. hxg4 Kg6 36. Ke2 Bc7 37. Nc4 Kf6 38. Kd3 Ke7 39. Nd2 Be5 40. b3 Kd7
41. Ne4 Kc6 42. Kc4 Bb2 43. Nxc5 1-0

[Event "TCh-CHN 2019"]
[Site "China CHN"]
[Date "2019.12.05"]
[Round "20.6"]
[Board "4"]
[White "Munguntuul, Batkhuyag"]
[Black "Gu, Tianlu"]
[Result "1-0"]
[WhiteTitle "IM"]
[BlackTitle "WIM"]
[WhiteElo "2430"]
[BlackElo "2261"]
[WhiteTeam "Zhihui Sports chess team of Tianjin"]
[BlackTeam "Hangzhou Bank Team"]
[WhiteFideId "4900758"]
[BlackFideId "8603995"]
[EventDate "2019.04.09"]

1. e4 e5 2. Nf3 Nc6 3. Bb5 a6 4. Ba4 Nf6 5. d3 b5 6. Bb3 Be7 7. Nc3 d6 8. a3 O-O
9. O-O Bg4 10. Be3 Qd7 11. Nd5 Rad8 12. h3 Nxd5 13. Bxd5 Bxf3 14. Qxf3 Bf6 15.
a4 bxa4 16. c3 Ne7 17. Bc4 Ra8 18. Qd1 Rfb8 19. Qxa4 Qxa4 20. Rxa4 Rxb2 21. Rfa1
g5 22. Rxa6 Rxa6 23. Rxa6 Kg7 24. Ra7 c5 25. Ra6 Nc8 26. Rc6 Rb8 27. Kh2 Be7 28.
Rc7 Kf8 29. h4 h6 30. Kh3 Nb6 31. Ba6 Ra8 32. Bb5 Rb8 33. c4 Bd8 34. Rc6 Be7 35.
Kg4 f6 36. Kh5 Kf7 37. Rc7 Na8 38. Ra7 Nb6 39. g3 Nc8 40. Rc7 Nb6 41. Bc6 Rc8
42. Bd5+ Nxd5 43. Rxc8 Nb4 44. Kxh6 gxh4 45. gxh4 Nxd3 46. Rb8 Nb4 47. Kh5 Nc6
48. Rb5 Nd8 49. Kg4 Ne6 50. h5 Bf8 51. Rb7+ Kg8 52. Kf5 Nd8 53. Rc7 1-0

[Event "TCh-CHN 2019"]
[Site "China CHN"]
[Date "2019.12.06"]
[Round "21.1"]
[Board "1"]
[White "Jakovenko, Dmitry"]
[Black "Liu, Qingnan"]
[Result "1/2-1/2"]
[WhiteTitle "GM"]
[BlackTitle "GM"]
[WhiteElo "2698"]
[BlackElo "2533"]
[WhiteTeam "Hangzhou Bank Team"]
[BlackTeam "Shandong Jingzhi team"]
[WhiteFideId "4122356"]
[BlackFideId "8603294"]
[EventDate "2019.04.09"]

1. d4 d5 2. c4 e6 3. Nc3 Nf6 4. cxd5 exd5 5. Bg5 c6 6. Qc2 g6 7. e3 Bf5 8. Bd3
Bxd3 9. Qxd3 Nbd7 10. Nge2 Be7 11. O-O Nh5 12. Bh6 Bg5 13. Bxg5 Qxg5 14. b4 a6
15. a4 O-O 16. b5 axb5 17. axb5 Qd8 18. bxc6 bxc6 19. Ra6 Rxa6 20. Qxa6 Qa8 21.
Ra1 Qxa6 22. Rxa6 Rc8 23. g4 Nhf6 24. g5 Nh5 25. Na2 h6 26. Ra7 Nf8 27. gxh6 Nf6
28. Nb4 Ne6 29. Nd3 Rc7 30. Rxc7 Nxc7 31. Ne5 Ne6 32. Nxc6 Kh7 33. Ne5 Nd8 34.
f3 Kxh6 35. Nc3 Kg5 36. h3 Kf5 37. Ng4 Nxg4 38. fxg4+ Ke6 39. h4 f5 40. g5 f4
41. exf4 Nc6 42. Ne2 Kf5 43. Kf2 Kg4 44. h5 Kxh5 45. Kg3 Nxd4 46. Nxd4 1/2-1/2

[Event "TCh-CHN 2019"]
[Site "China CHN"]
[Date "2019.12.06"]
[Round "21.1"]
[Board "2"]
[White "Bai, Jinshi"]
[Black "Wen, Yang"]
[Result "1/2-1/2"]
[WhiteTitle "GM"]
[BlackTitle "GM"]
[WhiteElo "2600"]
[BlackElo "2586"]
[WhiteTeam "Hangzhou Bank Team"]
[BlackTeam "Shandong Jingzhi team"]
[WhiteFideId "8602280"]
[BlackFideId "8602956"]
[EventDate "2019.04.09"]

1. Nf3 d5 2. g3 g6 3. Bg2 Bg7 4. d4 Nf6 5. O-O O-O 6. c4 c6 7. Nbd2 Bf5 8. b3
Nbd7 9. Bb2 Ne4 10. Nh4 Nxd2 11. Qxd2 Be6 12. e4 dxe4 13. Bxe4 Bh3 14. Rfe1 Nf6
15. Bg2 Bxg2 16. Kxg2 e6 17. Nf3 a5 18. a4 Qc7 19. Rad1 Rad8 20. Bc3 b6 21. Qb2
Ne8 22. c5 Qb7 23. cxb6 Qxb6 24. b4 Nc7 25. bxa5 Qxb2 26. Bxb2 Ra8 27. Rc1 Rxa5
28. Rxc6 Nd5 29. Ra1 Rfa8 30. Rc4 Nb6 31. Rb4 Nd5 32. Rc4 Nb6 33. Rb4 1/2-1/2

[Event "TCh-CHN 2019"]
[Site "China CHN"]
[Date "2019.12.06"]
[Round "21.1"]
[Board "4"]
[White "Yan, Tianqi"]
[Black "Girya, Olga"]
[Result "1-0"]
[BlackTitle "WGM"]
[WhiteElo "2240"]
[BlackElo "2488"]
[WhiteTeam "Shandong Jingzhi team"]
[BlackTeam "Hangzhou Bank Team"]
[WhiteFideId "8615250"]
[BlackFideId "4195752"]
[EventDate "2019.04.09"]

1. e4 c6 2. d4 d5 3. exd5 cxd5 4. c4 Nf6 5. Nc3 Nc6 6. Bg5 dxc4 7. Bxc4 h6 8.
Bh4 Qxd4 9. Qxd4 Nxd4 10. O-O-O g5 11. Rxd4 gxh4 12. Nb5 e5 13. Nc7+ Ke7 14.
Rxh4 Rb8 15. Nf3 e4 16. Ne5 Bg7 17. Rd1 Bf5 18. Rf4 Rhc8 19. Rxf5 Rxc7 20. Kb1
Rf8 21. Ng6+ 1-0

[Event "TCh-CHN 2019"]
[Site "China CHN"]
[Date "2019.12.06"]
[Round "21.1"]
[Board "5"]
[White "Ning, Kaiyu"]
[Black "Li, Ruofan"]
[Result "1-0"]
[WhiteTitle "WIM"]
[BlackTitle "IM"]
[WhiteElo "2353"]
[BlackElo "2335"]
[WhiteTeam "Shandong Jingzhi team"]
[BlackTeam "Hangzhou Bank Team"]
[WhiteFideId "8614750"]
[BlackFideId "8600643"]
[EventDate "2019.04.09"]

1. c4 e6 2. Nf3 Nf6 3. g3 d5 4. Bg2 dxc4 5. Qa4+ c6 6. Qxc4 b5 7. Qc2 Bb7 8. a4
a6 9. Nc3 Nbd7 10. O-O Be7 11. d3 O-O 12. e4 Qb6 13. Be3 c5 14. h3 h6 15. Rfc1
Rfc8 16. Qb1 b4 17. a5 Qd8 18. Na4 Qxa5 19. Nxc5 Qb5 20. Nd4 Qb6 21. Nxb7 Qxb7
22. Nb3 Bd8 23. Na5 Qb5 24. Nc4 a5 25. b3 Be7 26. Rc2 Rc6 27. Rca2 Rca6 28. Qd1
Nc5 29. Bf1 Qd7 30. d4 Ncxe4 31. Ne5 Qd6 32. Bxa6 Nc3 33. Qf3 Qxa6 34. Rxa5 Qxa5
35. Qxa8+ Qxa8 36. Rxa8+ Bf8 37. d5 Nce4 38. f3 Nd6 39. Bc5 Nde8 40. Bxf8 Kxf8
41. d6 1-0